000 00665 a2200205 4500
001 62635
005 20260407155919.0
008 260407a1986 arg spa d
003 AR-UNSa-BCEJYS
040 _aAR-UNSa-BCEJYS
_bspa
_cAR-UNSa-BCEJYS
080 _a35(460)
_xAdministración Pública de España
245 1 0 _aPlanificación de la informàtica en la administración del estado
020 _a978-84-7351-197-1
264 1 _aMadrid :
_bInstituto Nacional de Administración Pública (INAP)
_c1986
300 _a352 p.
_c19 cm.
041 _aspa
942 _cBK
590 _aniveau_biblio:m niveau_hierar:0
100 1 _aGarcía Copeiro del Villar, Carlos
999 _c7735
_d7735